Elements of Workshop Technology : Vol. II Machine Tools (Record no. 17926)
[ view plain ]
| 000 -LEADER | |
|---|---|
| fixed length control field | 00442nam a2200157Ia 4500 |
| 008 - FIXED-LENGTH DATA ELEMENTS--GENERAL INFORMATION | |
| fixed length control field | 221030s9999 xx 000 0 und d |
| 020 ## - INTERNATIONAL STANDARD BOOK NUMBER | |
| ISBN | 8185099154 |
| 041 ## - LANGUAGE CODE | |
| Language code of text/sound track or separate title | |
| 100 ## - MAIN ENTRY--AUTHOR NAME | |
| Personal name | S. K. H. Choudhary |
| 245 #0 - TITLE STATEMENT | |
| Title | Elements of Workshop Technology : Vol. II Machine Tools |
| Statement of responsibility, etc | by S. K. H. Choudhary, S. K. Bose |
| 260 ## - PUBLICATION, DISTRIBUTION, ETC. (IMPRINT) | |
| Name of publisher | Media Promoters |
| Place of publication | Mumbai |
| Year of publication | 1987 |
| 300 ## - PHYSICAL DESCRIPTION | |
| Number of Pages | 664 |
| 650 ## - SUBJECT ADDED ENTRY--TOPICAL TERM | |
| Topical Term | BB Mechanics |
| 700 ## - ADDED ENTRY--PERSONAL NAME | |
| Personal name | S. K. Bose |
| 942 ## - ADDED ENTRY ELEMENTS (KOHA) | |
| Koha item type | Books |
| Accession Number | Cost, normal purchase price | Source of acquisition | Price effective from | Koha item type | Withdrawn / writtenoff status | Materials specified (bound volume or other part) | Damaged status | Not for loan | Permanent Location | Current Location | Shelving location | Date acquired | Lost/ Missing status | department |
|---|---|---|---|---|---|---|---|---|---|---|---|---|---|---|
| BB 866 | 225.00 | Donated by Ms. Divya Jain ( ECE ) | 10/30/2022 | Books | MIET Library, Jammu | MIET Library, Jammu | BL-Academic Block B, FL-2, CUP-100, SH-4, R-4 | 10/26/2018 | BB |